Dispatches from the people's war in Nepal (Record no. 219478)
[ view plain ]
| 000 -LEADER | |
|---|---|
| fixed length control field | 01484nam a2200373 a 4500 |
| 100 1# - MAIN ENTRY--AUTHOR NAME | |
| Personal name | Li, Onesto. |
| 245 10 - TITLE STATEMENT | |
| Title | Dispatches from the people's war in Nepal |
| 260 ## - PUBLICATION, DISTRIBUTION, ETC. (IMPRINT) | |
| Place of publication | London ; |
| -- | Ann Arbor, Mich. : |
| Name of publisher | Pluto Press ; |
| Place of publication | Chicago : |
| Name of publisher | Insight Press, |
| Year of publication | 2005. |
| 300 ## - PHYSICAL DESCRIPTION | |
| Number of Pages | xvii, 256 p. : |
| Other physical details | ill., map. |
| 650 #0 - SUBJECT ADDED ENTRY--TOPICAL TERM | |
| Topical Term | National liberation movements |
| 856 40 - ELECTRONIC LOCATION AND ACCESS | |
| Uniform Resource Identifier | http://site.ebrary.com/lib/rucke/Doc?id=10479648 |
No items available.
